[Event "Cto de Aragon por Equipos – Preferente Grupo I"]
[Site ""]
[Date "2022.02.12"]
[Round "3.45"]
[White "Planas Torrea, Francisco Javier"]
[Black "Millan Martin, Alfonso"]
[Result "1-0"]
[WhiteElo "2076"]
[BlackElo "1953"]
[PlyCount "0"]
[WhiteTeam "Ejea"]
[BlackTeam "IberCaja B"]
[EventDate "2022.01.29"]


1. e4 d5 2. exd5 Qxd5 3. Nc3 Qd8 4. d4 Nf6 5. Bc4 a6 6. a4 Nc6 7. d5 Nb4 8. Bg5
Bf5 9. Bb3 Qd6 10. Nge2 O-O-O 11. Bf4 Qd7 $17 12. Qd4 Nfxd5 $2 $16 {
MISTAKE (+1.55) Critical mistake.} ({(-1.55) The best move was} 12... e5 13.
Bxe5 Bxc2 14. Bxf6 gxf6 15. Bc4 Rg8 16. O-O c5 17. Qe3 Qg4 18. Qg3 Bd6 19.
Qxg4+ Rxg4 20. b3 f5 21. g3 Rg6 22. f3 h5 23. Kf2 h4 24. Rh1 Kb8 25. Nf4) 13.
Nxd5 {INACCURACY (+0.34) Critical mistake.} ({(+1.55) The best move was} 13.
Qa7 Qc6 14. O-O-O e6 15. Be3 Bg6 16. a5 b5 17. axb6 Bd6 18. Nxd5 exd5 19. bxc7
Bxc7 20. Nc3 Bxc2 21. Bxc2 Nxc2 22. Kxc2) 13... Nxc2+ $2 $16 {
MISTAKE (+4.50) Critical mistake.} ({(+0.34) The best move was} 13... Nxd5 14.
Qa7 Qc6 15. Bxd5 Qxd5 16. O-O Bxc2 17. Nc3 Qb3 18. Rfc1 e5 19. Bxe5 Qxb2 20. h3
Rd2 21. Rab1 Bxb1 22. Rxb1 Qxb1+ 23. Nxb1 Rd1+ 24. Kh2 Rxb1 25. h4 f6 26. Bf4
Kd7) 14. Bxc2 Bxc2 {INACCURACY (+5.99)} ({(+4.70) The best move was} 14... Qxd5
15. Qc3 Rd7 16. O-O Bxc2 17. Qxc2 Qd3 18. Qxd3 Rxd3 19. Rad1 Rb3 20. Rd2 e6 21.
Rfd1 Bc5 22. Be5 Rb4 23. Rc2 Bb6 24. Bxg7 Rg8 25. Bf6 Rxa4) 15. Rc1 $2 {
MISTAKE (+3.51)} ({(+5.99) The best move was} 15. Bxc7 e5 16. Qc3 Qxd5 17.
Bxd8+ Qc6 18. Bb6 Qxc3+ 19. Nxc3 Kd7 20. O-O Ke6 21. Rfc1 Bg6 22. Ne2 Bb4 23.
Rc7 Rd8 24. Rxb7 Rd2 25. Be3 Rxe2 26. Rb6+ Kd5) 15... Qxd5 16. Qxd5 Rxd5 17.
Rxc2 e5 18. Be3 Be7 19. O-O Rhd8 20. f3 Rd3 21. Bb6 R8d7 22. Rfc1 c6 23. Ng3 g6
24. Re2 R7d5 25. Ne4 f6 26. Kf2 Kd7 27. Nc5+ Bxc5+ 28. Bxc5 Rb3 29. a5 f5 30.
Rcc2 Ke6 31. Red2 h5 32. h4 Rdd3 {INACCURACY (+5.06)} ({
(+3.74) The best move was} 32... f4 33. Bb6 Kf5 34. Re2 Rbb5 35. Bc7 g5 36.
hxg5 Rd7 37. Bb6 h4 38. Re1 Rbd5 39. b4 Kxg5 40. Bc5 Kf5 41. Rce2) 33. Rxd3
Rxd3 34. b4 e4 35. Ke2 Rb3 36. Rd2 exf3+ {INACCURACY (+5.92)} ({
(+4.25) The best move was} 36... Ke5 37. fxe4 fxe4 38. Rd8 Rb2+ 39. Kf1 Kf4 40.
Rf8+ Kg3 41. Rf6 Rb1+ 42. Ke2 Rb2+ 43. Ke3 Rxg2 44. Rxg6+ Kh2 45. Rg5 Kh3 46.
Kf4 e3 47. Rxg2 Kxg2 48. Bxe3 Kh2 49. Bc5 Kh3 50. Kg5) 37. gxf3 (37. gxf3 Ke5
38. Rd7 Rb2+ 39. Kd3 Kf4 40. Rxb7 g5 41. hxg5 Kxg5 42. Rb6 h4 43. Rxa6 Kf4 44.
Rxc6) 1-0

[Event "Cto de Aragon por Equipos – Preferente Grupo I"]
[Site ""]
[Date "2022.02.12"]
[Round "3.46"]
[White "Garcia Monterde, Francisco Jose"]
[Black "Planas Torrea, Alberto"]
[Result "1/2-1/2"]
[WhiteElo "1801"]
[BlackElo "1905"]
[PlyCount "0"]
[WhiteTeam "IberCaja B"]
[BlackTeam "Ejea"]
[EventDate "2022.01.29"]

1. c4 c6 2. g3 e6 3. Bg2 d5 4. d4 Bd6 5. Nf3 Nd7
6. O-O f5 7. Qc2 Ngf6 8. b3 Qe7 9. Bb2 O-O 10. Nbd2 Ne4 11. e3 Qf6 12. Nxe4
fxe4 13. Nd2 Qg5 14. Rae1 Nf6 15. Qc1 Bd7 16. Ba3 Bxa3 17. Qxa3 h5 18. f3 h4
19. Qd6 hxg3 20. Qxg3 Qxg3 21. hxg3 exf3 22. Bxf3 Rf7 23. e4 Raf8 24. e5 Nh7
25. Bh5 Rxf1+ 26. Rxf1 Ng5 27. Bg6 Rxf1+ 28. Kxf1 Kf8 29. g4 Be8 30. Bc2 Nh3
31. Kg2 Nf4+ 32. Kf3 Bg6 33. Bxg6 Nxg6 34. b4 Ke7 35. Ke3 Kd7 36. a4 Kc7 37.
Kd3 1/2-1/2

[Event "Cto de Aragon por Equipos – Preferente Grupo I"]
[Site ""]
[Date "2022.02.12"]
[Round "3.47"]
[White "Merin Flores, Miguel Angel"]
[Black "Garcia Acin, Pablo"]
[Result "0-1"]
[WhiteElo "1710"]
[BlackElo "1757"]
[PlyCount "0"]
[WhiteTeam "Ejea"]
[BlackTeam "IberCaja B"]
[EventDate "2022.01.29"]

1. d4 Nf6 2. c4 e6 3. Nc3 Bb4 4. Bg5 h6 5. Bxf6 Qxf6 6. Nf3 b6 7. e3 Bb7 8. Be2
O-O 9. O-O Bxc3 10. bxc3 d6 11. Qb3 Nd7 12. a4 a5 13. Nd2 e5 14. Bf3 Bxf3 15.
Nxf3 e4 16. Nd2 Qe7 17. Qb5 f5 18. Rfe1 Kh8 19. Qc6 Nf6 20. Rab1 Rad8 21. Rb5
Nh7 22. g3 Rf6 23. Qb7 Qf7 24. Reb1 g5 25. R1b2 h5 26. Rd5 h4 27. c5 hxg3 28.
hxg3 Rh6 29. Rxd6 Rdxd6 30. cxd6 Qh5 31. Qc8+ Kg7 32. Qd7+ Kg8 33. Kf1 Qd1+ 0-1

[Event "Cto de Aragon por Equipos – Preferente Grupo I"]
[Site ""]
[Date "2022.02.12"]
[Round "3.48"]
[White "Barranco Castillo, Jose Antonio"]
[Black "Galvez Longas, Isaac"]
[Result "1/2-1/2"]
[WhiteElo "1630"]
[BlackElo "1702"]
[PlyCount "0"]
[WhiteTeam "IberCaja B"]
[BlackTeam "Ejea"]
[EventDate "2022.01.29"]

1. Nf3 Nf6 2. g3 d5 3. Bg2 Bf5 4. d3 e6 5. O-O
Bd6 6. Nh4 Bg6 7. Nd2 c6 8. e4 Bh5 9. Qe1 g5 10. exd5 gxh4 11. dxe6 Qe7 12. Nc4
fxe6 13. Bg5 Nbd7 14. Qa5 O-O 15. Bxh4 b5 16. Bxc6 bxc4 17. Bxd7 Qxd7 18. Bxf6
Rxf6 19. Qxh5 cxd3 20. cxd3 Raf8 21. Rac1 Qf7 22. Qxf7+ R8xf7 23. d4 Rb7 24.
Rc2 Bf8 25. Re1 Re7 26. Re4 Kf7 27. Kg2 Rf5 28. Rc6 Rd5 29. Rcxe6 Bg7 30. b3
Bxd4 31. Re2 Bf6 1/2-1/2

[Event "Cto de Aragon por Equipos – Preferente Grupo I"]
[Site ""]
[Date "2022.02.12"]
[Round "3.49"]
[White "Flores Samperiz, Jorge"]
[Black "Garcia Fernandez, Javier"]
[Result "1-0"]
[WhiteElo "1939"]
[BlackElo "2164"]
[PlyCount "0"]
[WhiteTeam "Helios B"]
[BlackTeam "Teruel"]
[EventDate "2022.01.29"]

1. d4 Nf6 2. c4 g6 3. Nc3 Bg7 4. Nf3 d6 5. e4 O-O 6. Be2 c5 7. d5 e6 8. dxe6
Bxe6 9. O-O Nc6 10. Bf4 Qb6 11. Na4 Qa5 12. Bxd6 Rfd8 13. Nxc5 Rxd6 14. Qxd6
Bf8 15. Nxb7 Qb6 16. Qf4 Nh5 17. Qe3 Qxb7 18. Ng5 Ng7 19. Nxe6 Nxe6 20. Rab1
Bc5 21. Qg3 Ned4 22. Bf3 Qe7 23. Rfe1 Re8 24. e5 Nxe5 25. Bd5 Nf5 26. Qf4 Kg7
27. a3 Qf6 28. Be4 Nxc4 29. Bxf5 Rxe1+ 30. Rxe1 Nxb2 31. Qg3 Bd6 32. Qb3 gxf5
33. g3 Qd4 34. Qf3 Kg6 35. h4 h5 36. Kg2 Bc5 37. Re8 Kg7 38. Qxf5 Qd2 39. Re5
Bb6 40. Re7 1-0

[Event "Cto de Aragon por Equipos – Preferente Grupo I"]
[Site ""]
[Date "2022.02.12"]
[Round "3.50"]
[White "Dominguez Bujeda, Jesus"]
[Black "Carraminana Lopez, Luis Antonio"]
[Result "1-0"]
[WhiteElo "2083"]
[BlackElo "1910"]
[PlyCount "0"]
[WhiteTeam "Teruel"]
[BlackTeam "Helios B"]
[EventDate "2022.01.29"]

1. d4 d5 2. c4 c6 3. Nc3 Nf6 4. e3 a6 5. Nf3 Bf5 6. cxd5 cxd5 7. Qb3 b5 8. a4
b4 9. Na2 Nc6 10. Bd2 e6 11. Rc1 Na5 12. Qd1 Ne4 13. Bxb4 Bxb4+ 14. Nxb4 Qb6
15. Nd3 Nb3 16. Rc2 Qa5+ 17. Ke2 h5 18. Nfe5 f6 19. Nc6 Qxa4 20. f3 Rc8 21. Ke1
Nd6 22. Rc3 Rxc6 23. Rxc6 Qxc6 24. Qxb3 Bxd3 25. Bxd3 Qc1+ 26. Kf2 Qxh1 27.
Qb8+ Kf7 28. Qc7+ Kf8 29. Bg6 1-0

[Event "Cto de Aragon por Equipos – Preferente Grupo I"]
[Site ""]
[Date "2022.02.12"]
[Round "3.52"]
[White "Romo Blasco, Adrian"]
[Black "Lorente Melcon, Hector"]
[Result "1-0"]
[WhiteElo "1950"]
[BlackElo "1421"]
[PlyCount "0"]
[WhiteTeam "Teruel"]
[BlackTeam "Helios B"]
[EventDate "2022.01.29"]

1. d4 Nf6 2. c4 c5 3. d5 d6 4. Nc3 e6 5. Nf3 exd5 6. cxd5 g6 7. Nd2 Bg7 8. Nc4
O-O 9. Bf4 Ne8 10. Qd2 a6 11. a4 b6 12. Ne4 Be5 13. Nxe5 dxe5 14. Bh6 Ng7 15.
h4 Bb7 16. h5 Nxh5 17. Bxf8 Qxf8 18. Rxh5 gxh5 19. Qg5+ Qg7 20. Qd8+ Qf8 21.
Nf6+ Kg7 22. Nxh5+ Kg8 23. Qg5+ Kh8 24. Qxe5+ f6 25. Nxf6 Qf7 26. Ra3 Kg7 27.
Nd7+ Kg6 28. Rg3+ Kh6 29. Qg5# 1-0

[Event "Cto de Aragon por Equipos – Preferente Grupo I"]
[Site ""]
[Date "2022.02.19"]
[Round "4.33"]
[White "Carruez Berges, Fernando"]
[Black "Garcia Fernandez, Javier"]
[Result "0-1"]
[WhiteElo "2012"]
[BlackElo "2164"]
[PlyCount "0"]
[WhiteTeam "Agrupacion B"]
[BlackTeam "Teruel"]
[EventDate "2022.01.29"]

1. e4 c5 2. Nf3 Nc6 3. d3 d6 4. g3 Nf6 5. Bg2 g6 6. O-O Bg7 7. Nbd2 O-O 8. c3
Ne8 9. a4 Nc7 10. Re1 a6 11. Nc4 b5 12. Nb6 Rb8 13. Nxc8 Qxc8 14. axb5 axb5 15.
d4 cxd4 16. cxd4 d5 17. e5 Ra8 18. Rxa8 Qxa8 19. Be3 Rc8 20. Qd2 Qa2 21. Bh3 e6
22. Bh6 Na5 23. Bxg7 Kxg7 24. Qf4 h6 25. Qf6+ Kg8 26. Rc1 Nc4 27. Qe7 Qxb2 28.
Rxc4 bxc4 29. Nh4 Qc1+ 30. Kg2 Qg5 31. Qd7 Qd8 32. Qc6 Qe8 33. Qb6 c3 34. Qb1
Nb5 35. Qc1 Nxd4 36. Qxh6 c2 0-1

[Event "Cto de Aragon por Equipos – Preferente Grupo I"]
[Site ""]
[Date "2022.02.19"]
[Round "4.34"]
[White "Dominguez Bujeda, Jesus"]
[Black "Carruez Berges, Santiago"]
[Result "1/2-1/2"]
[WhiteElo "2083"]
[BlackElo "1971"]
[PlyCount "0"]
[WhiteTeam "Teruel"]
[BlackTeam "Agrupacion B"]
[EventDate "2022.01.29"]

1. d4 Nf6 2. c4 g6 3. Nc3 Bg7 4. e4 O-O 5. Be3 d6 6. h3 e5 7. d5 a5 8. g4 Na6
9. Nge2 h5 10. g5 Nd7 11. Qd2 Ndc5 12. Nc1 Bd7 13. Nd3 Nxd3+ 14. Bxd3 Nc5 15.
Be2 b6 16. O-O-O Re8 17. f3 Na4 18. Nb5 Nc5 19. Kb1 Re7 20. h4 Re8 21. b3 Kh7
22. Kc2 Re7 23. Bf1 Qc8 24. Qh2 Qb8 25. Bh3 Be8 26. Rhg1 Kg8 27. Qd2 Kh7 28.
Ra1 Kg8 29. Kb2 Kh7 30. Bf1 Bd7 31. Be2 Kg8 32. Bd1 Na6 33. a3 Qe8 34. Be2 Qb8
35. Nc3 Re8 36. Ra2 Bf8 37. Rga1 Qb7 38. Nb5 c6 39. Nc3 c5 40. Rh1 Bg7 41. Bf1
Reb8 42. Nb5 Bf8 43. Bd3 Nc7 1/2-1/2

[Event "Cto de Aragon por Equipos – Preferente Grupo I"]
[Site ""]
[Date "2022.02.19"]
[Round "4.35"]
[White "Carruez Gracia, Eduardo"]
[Black "Martin Catalan, Juan Vicente"]
[Result "1/2-1/2"]
[WhiteElo "1934"]
[BlackElo "2002"]
[PlyCount "0"]
[WhiteTeam "Agrupacion B"]
[BlackTeam "Teruel"]
[EventDate "2022.01.29"]

1. e4 c5 2. b4 cxb4 3. a3 d5 4. exd5 Qxd5 5. Nf3 e5 6. axb4 Bxb4 7. c3 Bc5 8.
d4 exd4 9. cxd4 Bb4+ 10. Bd2 Bxd2+ 11. Qxd2 Ne7 12. Nc3 Qd8 13. Bc4 O-O 14. O-O
Bf5 15. d5 Nd7 16. Qf4 Rc8 17. Nb5 Nb6 18. Nd6 Nxc4 19. Nxc8 Qxc8 20. Rfc1 b5
21. Nd4 Bd7 22. Rxa7 Nxd5 23. Qg5 Nf6 24. Nxb5 Bxb5 25. Qxb5 Qb8 26. Rb7 Nd6
27. Rxb8 Nxb5 28. Rxb5 h5 29. Rc7 g6 30. g3 Kg7 31. Kg2 Ng8 32. Kf3 Ra8 33.
Rbb7 Nh6 34. h3 Ra3+ 35. Kf4 Ra4+ 36. Ke5 Ra5+ 37. Kf4 Ra4+ 38. Ke5 Ra5+ 39.
Kd4 Rf5 40. f4 h4 41. Ke4 hxg3 42. Rb3 g2 43. Rg3 Rh5 44. Rxg2 Rxh3 45. Rc5 Kf6
46. Rc6+ Kg7 47. Rc5 Kf6 1/2-1/2

[Event "Cto de Aragon por Equipos – Preferente Grupo I"]
[Site ""]
[Date "2022.02.19"]
[Round "4.36"]
[White "Arpa Pardos, Emilio"]
[Black "Larrosa Poves, Jose Manuel"]
[Result "1-0"]
[WhiteElo "1877"]
[BlackElo "1912"]
[PlyCount "0"]
[WhiteTeam "Teruel"]
[BlackTeam "Agrupacion B"]
[EventDate "2022.01.29"]

1. d4 d5 2. c4 e6 3. Nc3 c6 4. Nf3 dxc4 5. Bg5 Qc7 6. g3 Nf6 7. Bg2 Bb4 8. Qc2
Nd5 9. O-O h6 10. Nxd5 exd5 11. Bf4 Bd6 12. Ne5 O-O 13. e4 Be6 14. Rac1 Nd7 15.
Nxd7 Qxd7 16. Bxd6 Qxd6 17. e5 Qd7 18. f4 Bf5 19. Qf2 b5 20. h3 Bxh3 21. f5
Bxg2 22. Kxg2 c5 23. Qf4 cxd4 24. Rh1 g5 25. Qg4 f6 26. Rxh6 d3 27. Rch1 Qg7
28. Rh8+ Qxh8 29. Rxh8+ Kxh8 30. Qh5+ Kg7 31. Qg6+ Kh8 32. exf6 1-0

[Event "Cto de Aragon por Equipos – Preferente Grupo I"]
[Site ""]
[Date "2022.02.19"]
[Round "4.37"]
[White "Martinez Cebolla, Alberto"]
[Black "Flores Samperiz, Jorge"]
[Result "1-0"]
[WhiteElo "2059"]
[BlackElo "1939"]
[PlyCount "0"]
[WhiteTeam "IberCaja B"]
[BlackTeam "Helios B"]
[EventDate "2022.01.29"]

1. e4 d6 2. d4 Nf6 3. Nc3 g6 4. f3 Bg7 5. Be3 O-O 6. Qd2 c6 7. O-O-O b5 8. Kb1
a5 9. Bh6 a4 10. h4 b4 11. Nce2 b3 12. cxb3 axb3 13. a3 Qa5 14. Qxa5 Rxa5 15.
Bxg7 Kxg7 16. Nc1 Be6 17. Nge2 Na6 18. Nf4 Nc7 19. Nxe6+ Nxe6 20. Nxb3 Ra4 21.
Ka2 Rb8 22. g3 Rb6 23. Bh3 Nc7 24. Rc1 Na6 25. Rc3 e6 26. Rhc1 Nd7 27. Bf1 Nab8
28. f4 Nf6 29. Bg2 Ne8 30. e5 d5 31. Rc5 Nc7 32. Ra5 Rxa5 33. Nxa5 Ra6 34. b4
Kf8 35. Bf1 Rb6 36. Bd3 Ke7 37. g4 Kd7 38. f5 exf5 39. gxf5 gxf5 40. Bxf5+ Ne6
41. Nb3 h6 42. Nc5+ Ke7 43. Bxe6 fxe6 44. Rf1 h5 45. Rf6 1-0

[Event "Cto de Aragon por Equipos – Preferente Grupo I"]
[Site ""]
[Date "2022.02.19"]
[Round "4.38"]
[White "Lorente Melcon, Nicolas"]
[Black "Garcia Monterde, Francisco Jose"]
[Result "0-1"]
[WhiteElo "1707"]
[BlackElo "1801"]
[PlyCount "0"]
[WhiteTeam "Helios B"]
[BlackTeam "IberCaja B"]
[EventDate "2022.01.29"]

1. e4 c5 2. Nc3 Nc6 3. Bb5 Nd4 4. Bc4 e6 5. Nge2 a6 6. a4 Qc7 7. d3 Ne7 8. Nxd4
cxd4 9. Ne2 Nc6 10. O-O Be7 11. f4 d6 12. Ng3 Rb8 13. Qg4 g6 14. Qe2 b5 15.
axb5 axb5 16. Bb3 Na5 17. f5 Nxb3 18. cxb3 e5 19. Bh6 Qd8 20. Qf2 f6 21. Bd2
O-O 22. Ra7 Rb7 23. Ra8 Qb6 24. Rc1 Rb8 25. Raa1 b4 26. h4 Bb7 27. h5 g5 28.
Ra4 d5 29. Qe1 dxe4 30. Nxe4 Bxe4 31. Qxe4 Rfc8 32. Rca1 Qb7 33. Qe1 Qb5 34.
Qe4 Qc6 35. Qe2 Qd5 36. Ra7 Bf8 37. Qd1 Qc6 38. R1a6 Rb6 39. Ra1 Qb5 40. Qf3
Qc6 41. Qe2 h6 42. Rc1 Qe8 43. Qe4 Rxc1+ 44. Bxc1 Qc6 45. Qe1 Qc2 46. Qd2 Rc6
47. Ra1 Qxb3 48. Qe2 Qc2 49. Qf3 Rc8 50. Kh1 Qc6 51. Qe2 Re8 52. Qd1 e4 53. Ra7
Qd5 54. Qa4 Rc8 55. Bd2 Qxf5 56. Qb3+ Kh8 57. Qf7 Qf1+ 58. Kh2 Bd6+ 59. g3 Qf2+
60. Kh1 Qf3+ 61. Kg1 Qxg3+ 62. Kf1 Qf3+ 63. Kg1 Qd1+ 0-1

[Event "Cto de Aragon por Equipos – Preferente Grupo I"]
[Site ""]
[Date "2022.02.19"]
[Round "4.39"]
[White "Moreno Burillo, Marcos Antonio"]
[Black "Gonzalez Azuara, Javier"]
[Result "1-0"]
[WhiteElo "1690"]
[BlackElo "1704"]
[PlyCount "0"]
[WhiteTeam "IberCaja B"]
[BlackTeam "Helios B"]
[EventDate "2022.01.29"]

1. d4 d5 2. c4 c6 3. cxd5 cxd5 4. Bg5 g6 5. Nc3 Bg7 6. e3 Nf6 7. Nf3 O-O 8. Bd3
Nc6 9. a3 Re8 10. O-O e6 11. Rc1 Qb6 12. Qd2 Na5 13. Na4 Qd8 14. Qb4 Nc6 15.
Qb3 Na5 16. Qb4 Nc6 17. Qb3 Na5 18. Qc3 Bd7 19. Nc5 Rc8 20. Ne5 Re7 21. Qb4 Be8
22. Nxe6 Rxe6 23. Rxc8 Qxc8 24. Qxa5 Ne4 25. Bf4 g5 26. Bg3 Nxg3 27. hxg3 Bxe5
28. dxe5 Rxe5 29. Qxa7 Re6 30. Bf5 Bb5 31. Bxe6 Qxe6 32. Rc1 Bc6 33. Qd4 1-0

[Event "Cto de Aragon por Equipos – Preferente Grupo I"]
[Site ""]
[Date "2022.02.19"]
[Round "4.40"]
[White "Lorente Melcon, Hector"]
[Black "Barranco Castillo, Jose Antonio"]
[Result "0-1"]
[WhiteElo "1421"]
[BlackElo "1630"]
[PlyCount "0"]
[WhiteTeam "Helios B"]
[BlackTeam "IberCaja B"]
[EventDate "2022.01.29"]

1. e4 d6 2. d4 Nf6 3. Nc3 e5 4. dxe5 dxe5 5. Qxd8+ Kxd8 6. Bc4 Be6 7. Bxe6 fxe6
8. Nf3 Bd6 9. Bd2 a6 10. a4 Ke7 11. Bg5 Nbd7 12. Ke2 h6 13. Bxf6+ gxf6 14. h4
h5 15. Rhg1 Rhg8 16. g3 b6 17. Rg2 c6 18. Rag1 f5 19. Ng5 b5 20. Ra1 Bc5 21.
axb5 axb5 22. Rgg1 Bd4 23. Rxa8 Rxa8 24. Rb1 Nb6 25. Nd1 Nc4 26. c3 Bb6 27. b3
Ra2+ 28. Ke1 Nd2 29. Rb2 Rxb2 30. Nxb2 Nxb3 31. Kf1 Ba5 32. Nd1 Nc1 33. Ke1 Na2
34. Kd2 b4 35. cxb4 Nxb4 36. Kc3 Na6+ 37. Kc4 Bb6 38. Nf3 Kf6 39. Ng5 Nc7 40.
Nh7+ Ke7 41. Ng5 Ne8 42. Ne3 Bxe3 43. fxe3 Nd6+ 44. Kc5 Nxe4+ 45. Kxc6 Nxg5 46.
hxg5 f4 47. exf4 exf4 48. gxf4 h4 49. g6 h3 50. g7 Kf7 51. Kd6 h2 52. g8=Q+
Kxg8 53. Kxe6 h1=Q 54. f5 Kf8 55. f6 Qc6+ 0-1

[Event "Cto de Aragon por Equipos – Preferente Grupo I"]
[Site ""]
[Date "2022.02.19"]
[Round "4.41"]
[White "Chueca Lorente, Javier"]
[Black "Planas Torrea, Francisco Javier"]
[Result "1-0"]
[WhiteElo "2119"]
[BlackElo "2076"]
[PlyCount "0"]
[WhiteTeam "MyInvestor Casablanca B"]
[BlackTeam "Ejea"]
[EventDate "2022.01.29"]

1. c4 e5 2. g3 Nf6 3. Bg2 Bc5 4. Nc3 O-O 5. e3 c6 6. Nge2 d5 7. d4 exd4 8. exd4
Bb4 9. cxd5 Nxd5 10. O-O Be6 11. a3 Be7 12. Nf4 Nxf4 13. Bxf4 Bc4 14. Re1 Bf6
15. Be3 Nd7 16. Rc1 Nb6 17. Ne4 Bd5 18. b4 Re8 19. Qg4 Bxe4 20. Bxe4 Nd5 21. b5
Nxe3 22. fxe3 Qe7 23. bxc6 Qxe4 24. Qxe4 Rxe4 25. cxb7 Rb8 26. Rc8+ Re8 27.
Rxb8 Rxb8 28. Rc1 1-0

[Event "Cto de Aragon por Equipos – Preferente Grupo I"]
[Site ""]
[Date "2022.02.19"]
[Round "4.42"]
[White "Planas Torrea, Alberto"]
[Black "Antonano Fernandez - Quincoces, Avelino"]
[Result "1/2-1/2"]
[WhiteElo "1905"]
[BlackElo "2024"]
[PlyCount "0"]
[WhiteTeam "Ejea"]
[BlackTeam "MyInvestor Casablanca B"]
[EventDate "2022.01.29"]

1. e4 c5 2. Nf3 g6 3. d4 cxd4 4. Nxd4 Nc6 5. Nc3 Bg7 6. Be3 Nf6 7. Be2 O-O 8.
O-O d5 9. exd5 Nxd5 10. Nxd5 Qxd5 11. Bf3 Qa5 12. Nxc6 bxc6 13. c3 Rd8 14. Qc2
Bf5 15. Be4 Rd5 16. Bxf5 Rxf5 17. Qe4 Qc7 18. Rfd1 Rb8 19. Rd2 e6 20. Rad1 Rd5
21. Qc2 f5 22. g3 Rbd8 23. Qa4 Rb8 24. Kg2 h6 25. f4 Qd7 26. c4 Rxd2+ 27. Rxd2
Rxb2 28. Rxb2 Bxb2 29. Qb3 Bf6 30. Qb8+ Kf7 31. Qxa7 Qxa7 32. Bxa7 e5 33. fxe5
Bxe5 34. Kf3 Ke6 35. h4 g5 36. hxg5 hxg5 37. Be3 g4+ 38. Kg2 Bc7 39. a4 Ba5 40.
Bf4 Kd7 41. Kf2 Kc8 42. Ke3 Bb6+ 43. Kd3 Bf2 44. Bd6 c5 45. Kc3 Kb7 46. Kb3 Be3
47. Kc3 Kc6 48. Kd3 Bf2 49. Bf4 Kb6 50. Kc2 Be1 51. Kb3 Bf2 52. Kc3 Ka5 53. Kb3
Kb6 54. Kc3 Ka5 55. Kb3 Kb6 1/2-1/2

[Event "Cto de Aragon por Equipos – Preferente Grupo I"]
[Site ""]
[Date "2022.02.19"]
[Round "4.43"]
[White "Gerss, Martin"]
[Black "Merin Flores, Miguel Angel"]
[Result "0-1"]
[WhiteElo "1863"]
[BlackElo "1710"]
[PlyCount "0"]
[WhiteTeam "MyInvestor Casablanca B"]
[BlackTeam "Ejea"]
[EventDate "2022.01.29"]

1. e4 e6 2. d4 d5 3. e5 c5 4. c3 Nc6 5. Nf3 Qb6 6. a3 Bd7 7. b4 cxd4 8. cxd4 a6
9. Nc3 Rc8 10. Na4 Qa7 11. Nc5 Bxc5 12. dxc5 Nge7 13. Bd3 Ng6 14. Bb2 Qb8 15.
O-O O-O 16. Re1 Qa7 17. h4 b6 18. h5 Nh8 19. Ng5 g6 20. Qf3 h6 21. Nh3 bxc5 22.
Qg3 Ne7 23. Bc1 c4 24. Qf4 cxd3 25. Qf6 Rxc1 26. Rexc1 Bb5 27. Nf4 Nf5 28. g4
Ng3 29. hxg6 Ne4 30. gxf7+ Kh7 31. Nxe6 Nxf6 32. Nxf8+ Kg7 33. Ne6+ Kxf7 34.
Rc7+ Qxc7 35. Nxc7 Nxg4 36. f4 Bc4 37. e6+ Ke7 38. f5 Nf6 39. a4 d2 40. b5 axb5
41. axb5 Kd6 42. b6 Kc6 43. e7 Kxb6 44. e8=Q Nxe8 45. Nxe8 Be2 46. Kf2 d1=Q 47.
Rxd1 Bxd1 48. Ke3 Nf7 49. Kd4 Kc6 50. Nf6 Bf3 51. Ke3 Bh1 52. Nh5 Kc5 53. Nf4
Be4 54. Ne6+ Kd6 55. Kf4 Ke7 56. Nc5 Nd6 57. Ke5 Nc4+ 58. Kf4 Kf7 59. Nxe4 dxe4
60. Kxe4 Kf6 0-1

[Event "Cto de Aragon por Equipos – Preferente Grupo I"]
[Site ""]
[Date "2022.02.19"]
[Round "4.44"]
[White "Galvez Longas, Isaac"]
[Black "Martinez Ramis, Rafael"]
[Result "1-0"]
[WhiteElo "1702"]
[BlackElo "1362"]
[PlyCount "0"]
[WhiteTeam "Ejea"]
[BlackTeam "MyInvestor Casablanca B"]
[EventDate "2022.01.29"]

1. d4 Nf6 2. Bf4 d5 3. e3 c5 4. c3 Qb6 5. Qb3 c4 6. Qxb6 axb6 7. Bxb8 Rxb8 8.
Nd2 Bf5 9. Ngf3 g6 10. h3 Bg7 11. g4 Bc2 12. Rc1 Be4 13. Nxe4 Nxe4 14. Nd2 Nxd2
15. Kxd2 Bh6 16. f4 O-O 17. g5 Bg7 18. h4 Ra8 19. a3 e6 20. h5 gxh5 21. Rxh5 f6
22. Bh3 Rae8 23. Rg1 f5 24. Bf1 Ra8 25. Rgh1 Ra5 26. Rxh7 Rb5 27. Kc1 Rb3 28.
Be2 Rf7 29. R7h2 Rb5 30. Bh5 Rf8 31. Bd1 Ra5 32. Bf3 Raa8 33. Kd1 Ra5 34. Ke1
Kf7 35. Bh5+ Ke7 36. Bd1 Kf7 37. Rh7 Rg8 38. R1h6 Rb5 39. Rf6+ Ke7 40. Rg6 Kf7
41. Bh5 Kf8 42. Rxe6 1-0

[Event "Cto de Aragon por Equipos – Preferente Grupo I"]
[Site ""]
[Date "2022.02.19"]
[Round "4.45"]
[White "Malo Guillen, Jose Luis"]
[Black "Molina Pastor, Francisco"]
[Result "1-0"]
[WhiteElo "2118"]
[BlackElo "1999"]
[PlyCount "0"]
[WhiteTeam "Las Fuentes"]
[BlackTeam "Delicias B"]
[EventDate "2022.01.29"]

1. d4 g6 2. c4 Bg7 3. Nf3 Nf6 4. g3 d6 5. Bg2 O-O 6. O-O Nbd7 7. Nc3 e5 8. e4
Re8 9. Re1 exd4 10. Nxd4 Ne5 11. b3 Bg4 12. f3 Bd7 13. Be3 a6 14. Rc1 h6 15.
Qd2 Kh7 16. Rf1 Qe7 17. Nde2 Rac8 18. g4 Ng8 19. h3 f5 20. g5 hxg5 21. Bxg5 Qf8
22. h4 Nh6 23. Ng3 Nef7 24. Nd5 Nxg5 25. hxg5 Ng8 26. Qf4 Ne7 27. Qh4+ Kg8 28.
Nf6+ Bxf6 29. gxf6 Nc6 30. exf5 Bxf5 31. Nxf5 gxf5 32. f4 Re6 33. Bd5 1-0

[Event "Cto de Aragon por Equipos – Preferente Grupo I"]
[Site ""]
[Date "2022.02.19"]
[Round "4.46"]
[White "Dominguez Luzon, Fernando"]
[Black "Brosa Soto, Jesus"]
[Result "1-0"]
[WhiteElo "1940"]
[BlackElo "1966"]
[PlyCount "0"]
[WhiteTeam "Delicias B"]
[BlackTeam "Las Fuentes"]
[EventDate "2022.01.29"]

1. e4 d6 2. d4 Nf6 3. Nc3 g6 4. Nf3 Bg7 5. Bc4 O-O 6. Qe2 e6 7. O-O c6 8. e5
dxe5 9. dxe5 Nd5 10. Ne4 Nd7 11. Bg5 Qc7 12. Bxd5 exd5 13. Nf6+ Kh8 14. Qe3 Qb6
15. Qf4 c5 16. Qh4 Bxf6 17. exf6 Rg8 18. Rae1 Nf8 19. Bh6 Be6 20. Ng5 Qb4 21.
Qxb4 cxb4 22. Rxe6 1-0

[Event "Cto de Aragon por Equipos – Preferente Grupo I"]
[Site ""]
[Date "2022.02.19"]
[Round "4.47"]
[White "Matamoros Villarreal, Antonio"]
[Black "Gaspar Calvo, Luis Alberto"]
[Result "0-1"]
[WhiteElo "1883"]
[BlackElo "1835"]
[PlyCount "0"]
[WhiteTeam "Las Fuentes"]
[BlackTeam "Delicias B"]
[EventDate "2022.01.29"]

1. d4 Nf6 2. Bf4 g6 3. e3 Bg7 4. Nf3 d6 5. Be2 O-O 6. O-O c5 7. c4 b6 8. Nc3
Bb7 9. Rc1 h6 10. h3 Na6 11. a3 Qd7 12. d5 Nc7 13. Qd2 Nh5 14. Bh2 a6 15. e4 b5
16. b4 cxb4 17. axb4 bxc4 18. Bxc4 Nb5 19. Nxb5 axb5 20. Be2 Nf6 21. Qd3 Ra4
22. Rb1 Ra2 23. Qxb5 Qxb5 24. Bxb5 Nxe4 25. Bc6 Rb8 26. b5 Nc3 27. Rb3 Nxd5 28.
Bxb7 Rxb7 29. g4 Nc3 30. Rc1 0-1

[Event "Cto de Aragon por Equipos – Preferente Grupo I"]
[Site ""]
[Date "2022.02.19"]
[Round "4.48"]
[White "Garcia Lopez, Antonio"]
[Black "Pascual Sese, Lucas"]
[Result "0-1"]
[WhiteElo "1714"]
[BlackElo "1761"]
[PlyCount "0"]
[WhiteTeam "Delicias B"]
[BlackTeam "Las Fuentes"]
[EventDate "2022.01.29"]


1. d4 d5 2. Nf3 c6 3. e3 Nf6 4. Bd3 Bg4 5. h3 Bh5 6. Nbd2 Nbd7 7. e4 dxe4 8.
Nxe4 e6 9. c3 Qc7 10. Qe2 Nxe4 11. Qxe4 Bg6 12. Qe2 Bxd3 13. Qxd3 h6 14. O-O
Be7 15. Re1 O-O 16. c4 Rad8 17. Qc3 Bf6 18. b3 c5 19. Bb2 cxd4 20. Nxd4 Nc5 21.
Qe3 Qb6 22. Rad1 Rfe8 23. Ba3 a6 24. Nf3 Nd7 25. c5 Qc7 26. Rc1 Nb8 27. Nd2 Bg5
0-1